Iglesia y Universidad.

Guardat en:
Dades bibliogràfiques
Autor principal: Derisi, Octavio Nicolás (autor)
Altres autors: Pascal García-Huidobro, Enrique (autor), Medina Estévez, Jorge (autor), Schillebeeckx, Edward, Stickler, Alfonso M, Vial Correa, Juan de Dios
Format: Llibre
Idioma:espanyol
Publicat: Valparaíso, Chile Universidad Católica de Valparaso 1977
Edició:Primera edición
Matèries:
Etiquetes: Afegir etiqueta
Sense etiquetes, Sigues el primer a etiquetar aquest registre!

MARC

LEADER 00000nam a2200000 a 4500
001 UCW3558
003 CL-VaPUC
005 20250106155454.0
008 881108e19770000CL |||||||||||||||||spa|d
999 |c 217526  |d 217524 
040 |c Pontificia Universidad Católica de Valparaíso 
082 0 4 |a 378.4 DER 1977  |2 21 
100 |a Derisi, Octavio Nicolás  |e autor  |9 378207 
245 1 0 |a Iglesia y Universidad. 
250 |a Primera edición 
260 0 3 |a Valparaíso, Chile  |b Universidad Católica de Valparaso  |c 1977 
300 |a 95 páginas 
583 |a last modification  |c 20171005 02:49:27  |k Rodrigo Vera 
650 7 |a IGLESIA Y EDUCACION  |2 CL-VaPUC  |9 307850 
650 7 |a IGLESIA Y UNIVERSIDAD  |2 CL-VaPUC  |9 256616 
650 7 |a CONGRESOS, CONFERENCIAS, ETC  |2 CL-VaPUC  |9 255444 
650 0 |a Aspectos religiosos  |9 257320 
650 0 |a Documentos pontificios   |9 255642 
650 0 |a Universidades católicas   |9 309230 
650 0 |a Concilio Vaticano II  |9 258399 
700 |a Pascal García-Huidobro, Enrique  |e autor  |9 307845 
700 |a Medina Estévez, Jorge  |e autor  |9 342953 
700 0 |a Schillebeeckx, Edward  |9 307847 
700 0 |a Stickler, Alfonso M  |9 307848 
700 0 |a Vial Correa, Juan de Dios  |9 307849 
942 |c BK  |2 ddc 
945 |d 19881108 00:00:00 
952 |0 0  |1 0  |2 ddc  |4 0  |6 378_400000000000000_DER_1977  |7 0  |8 X  |9 205333  |a FDOBUD  |b FDOBUD  |d 2019-11-15  |i 1059491  |o 378.4 DER 1977  |p 1059491  |r 2019-11-15  |t 1  |w 2019-11-15  |y BK_X  |k BUD 
952 |0 0  |1 0  |2 ddc  |4 0  |6 378_400000000000000_DER_1977  |7 0  |8 A  |9 205334  |a BIBGIM  |b BIBGIM  |d 2019-11-15  |i 2732408  |o 378.4 DER 1977  |p 2732408  |r 2025-01-15  |t 5  |w 2019-11-15  |y BK  |k SSL 
952 |0 0  |1 2  |4 0  |6 378_400000000000000_DER_1977  |7 0  |8 A  |9 205335  |a BIBTEO  |b BIBTEO  |d 2019-11-15  |i 328994K  |o 378.4 DER 1977  |p 328994K  |r 2019-11-15  |w 2019-11-15  |x Descarte 2019  |y BK  |k ICR 
952 |0 0  |1 0  |2 ddc  |4 0  |6 378_400000000000000_DER_1977  |7 0  |8 P  |9 205337  |a BIBEDU  |b BIBEDU  |c BIBEDU_PB  |d 2019-11-15  |i 2002949  |o 378.4 DER 1977  |p 2002949  |r 2019-11-15  |t 2  |w 2019-11-15  |y BK  |k EDU 
952 |0 0  |1 0  |2 ddc  |4 0  |6 378_400000000000000_DER_1977  |7 0  |8 P  |9 205338  |a BIBEDU  |b BIBEDU  |c BIBEDU_PB  |d 2019-11-15  |i 2732378  |o 378.4 DER 1977  |p 2732378  |r 2019-11-15  |t 3  |w 2019-11-15  |y BK  |k EDU 
952 |0 0  |1 0  |2 ddc  |4 0  |6 378_400000000000000_DER_1977  |7 0  |8 P  |9 205339  |a BIBDER  |b BIBDER  |d 2019-11-15  |i 3956113  |o 378.4 DER 1977  |p 3956113  |r 2023-01-25  |t 7  |w 2019-11-15  |y BK  |k DER 
952 |0 0  |1 0  |2 ddc  |4 0  |6 378_400000000000000_DER_1977  |7 0  |8 P  |9 371486  |a BIBDER  |b BIBDER  |d 2019-11-21  |i 3964361  |o 378.4 DER 1977  |p 3964361  |r 2023-01-25  |w 2019-11-21  |y BK  |k DER 
952 |0 0  |1 0  |4 0  |6 378_400000000000000_DER_1977  |7 0  |8 X  |9 371487  |a FDOBUD  |b FDOBUD  |d 2019-11-21  |i 4546512  |o 378.4 DER 1977  |p 4546512  |r 2019-11-21  |w 2019-11-21  |y BK_X  |k BUD